02175cam a2200301 a 45000010009000000050017000090080041000260100017000670200015000840200018000990350023001170400042001400420014001820430012001960500015002080840015002231000022002382450063002602460040003232500012003632600032003753000026004075040064004335051274004976500039017716500039018106500024018491492243920210414113928.0070710s2002 enk b 001 0 eng  a 2007408072 a1859417213 a9781859417218 a(OCoLC)ocm50409981 aESUcESUdGULdOCLdNLGGCdYDXCPdDLC alccopycat ae-uk---00aKD3930.B37 a86.502bcl1 aBarnett, Hilaire.10aConstitutional and administrative law. /cHilaire Barnett.14aConstitutional & administrative law a4th ed. aLondon :bCavendish,c2002. axc, 1026 p. ;c24 cm. aIncludes bibliographical references (p. 955-975) and index. aContents: General introduction: The Scope of constitutional law -- Sources of the constitution -- The Evolution of the structure of the United Kingdom -- Fundamental constitutional concepts: The Rule of law -- The Separation of powers -- The Royal prerogative -- Paliamentary sovereignty -- The European community and union: Structure and institutions -- European community law and national law -- Central, regional and local government: Central government -- Responsible government -- Regional and local government -- Parliament: The Electoral system -- Introduction to the house of commons -- The Legislative process -- Scrutiny of the executive -- The House of lords -- Parliamentary privilege -- The individual and the state: The Protection of human rights -- Freedom from discriminatio: racial and sexual equality -- Freedom of association and assembly, public order and police powers -- Citizenship, immigration and extradition -- State secutrity -- Introduction to administrative law: Judicial review: introduction, jurisdiction and procedure -- The Grounds for judicial review -- Commissioners for administration: Ombudsmen -- Appendix I: Monarchs of Britain -- Appendix II: Prime ministers of the United Kingdom -- Appendix III: Membership of the Commonwealth. 0aConstitutional lawzGreat Britain. 0aAdministrative lawzGreat Britain.17aBestuursrecht.2gtt